000 00817nam0a22002531 4500
001 RU\INFOCOMM_318\NLR\5000084077
005 20250613102851.0
035 _a(NLR Aleph) 009453063
090 _a8418277
_c8418277
100 _a20121204d1920 |||y0rusy50 ca
101 0 _ager
102 _aRU
105 _ay z |||||
200 1 _aDer Kämpfer für die Sache der Arbeiter und Bauern J. M. Swerdlow
_e(Reden, gehalten bei der Gedächtnisfeier der kommunistischen Swerdlow-Universität am Jahrestage seines Todes)
210 _aMoskau
_cKomm. Intern.
_d1920
215 _a48 с.
620 _aМосква
702 1 _9z01790
_aSverdlov
_bJ. M.
_4570
790 1 _9z01702
_aSwerdlow
_bJ. M.
_4245
801 1 _aRU
_bNLR
_c20121204
801 0 _aRU
_bINFOCOMM
_gPSBO
852 _aNLR
_j26.21.5.52
942 _cBOOK
980 _aNB